000 00297nam a22001337a 4500
008 171014b xxu||||| |||| 00| 0 eng d
020 _a9781563053399
041 _aeng
080 _a331
100 _a52
101 _aPUN
245 _a1001 WAYS TO REWARD EMPLOYES
_cNELSON, B
942 _2udc
_cBK
999 _c33949
_d33949